PR-SOF-1718-ANALYSIS OF MORTAR SHELL AND REDUCTION IN ITS DRAG (Record no. 577813)

000 -LEADER
fixed length control field 00400nam a22001217a 4500
082 ## - DEWEY DECIMAL CLASSIFICATION NUMBER
Classification number 220 PRO
100 ## - MAIN ENTRY--PERSONAL NAME
Personal name GC MUHAMMAD SAAD BILAL GC UMAR ZIA GC UZAIR KHAN
9 (RLIN) 71109
245 ## - TITLE STATEMENT
Title PR-SOF-1718-ANALYSIS OF MORTAR SHELL AND REDUCTION IN ITS DRAG
260 ## - PUBLICATION, DISTRIBUTION, ETC.
Place of publication, distribution, etc. ISLAMABAD
Name of publisher, distributor, etc. NUST COLLEGE OF EME
Date of publication, distribution, etc. 2018
650 ## - SUBJECT ADDED ENTRY--TOPICAL TERM
Topical term or geographic name entry element DE-MECH-36 DECLASS
700 ## - ADDED ENTRY--PERSONAL NAME
Personal name PROJECT SUPERVISOR DR ZAFAR BANGASH
9 (RLIN) 71110
942 ## - ADDED ENTRY ELEMENTS (KOHA)
Koha item type Continuing Resources
Holdings
Withdrawn status Lost status Damaged status Not for loan Permanent Location Current Location Shelving location Date acquired Total Checkouts Full call number Barcode Date last seen Price effective from Koha item type
        College of Electrical & Mechanical Engineering (CEME) College of Electrical & Mechanical Engineering (CEME) Reference 12/05/2019   220 PRO PR-SOF-1718 06/28/2021 06/28/2021 Continuing Resources
© 2023 Central Library, National University of Sciences and Technology. All Rights Reserved.